01545 a2200193 4500003000500000005001700005010001600022020001500038040000900053082001200062100002000074245007800094250001300172260003100185300004000216505103900256650002801295700002801323Nust20260207103415.0 a 80017184 a9971513307 cNust00a530,HAL1 aHalliday, David10aFundamentals of Physics / cDavid Halliday, Robert Resnick & Jearl Walker a6th ed. a SingaporebWiley,cc1981. axv, 1044, [32] p. :bill. ;c27 cm. aMeasurement (Page-1), Motions Along a Straight Line (Page-11), Vectors (Page-31), Motion in two and Three Dimensions (Page-48), Force and Motion (Page-72), Force and Motion (Page-98), Kinetic Energy and Work (Page-116), Potential Energy and Conservation of Energy (Page-139), Systems of Particles (Page-168), Collisions (Page-193), Rotation (Page-215) Rolling Torque and Angular Momentum (Page-245), Equilibrium and Elasticity (Page-275), Gravitations (Page-294), Magnetic Field due to Currents (Page-686) Induction and Inductance (Page-710) Magnetism of Matter Maxwell Equations (Page-744), Electromagnetic Oscillations and Alternating (Page-768), Electromagnetic Waves (Page-801), Images (Page-833), Interference (Page-861), Diffraction (Page-890), Relativity (Page-919), Photons and Matter Waves (Page-953), More about Matter Waves (Page-979), All about Atoms (Page-1006), Conductions of Electricity in Solids (Page-1037), Nuclear Physics (Page-1062), Energy from the Nucleus (Page-1092), Quarks Leptons and Big Bang (Page-1116).  0aFundamentals of Physics1 aResnick, Robert,d1923-